000 01016njm a22003017a 4500
005 20100914152621.0
007 sd ammalaaahaa
008 100913t xxu||||| |||| 00| 0 hin d
028 _aTCLP 1041
_bTips
035 _aGR-05779
040 _aSED/VEN
100 _aMukesh, Nitin
_91184
245 _aYe hi ghar ki mahabharata /
_cby Nitin Mukesh
_h[sound recording] :
246 _aये ही घर की महाभारत /
260 _aDum Dum India
_bTips
_c1991
300 _a1 sound disc [Gramophone record] :
_banalog, 33 1/3 rpm
_c12.5 in. (LP)
_fGramophone Record
500 _aBrief Record
500 _aRecord label :Tips, White
505 _aSide 1 Koi mera hoke na ho Side 2 Kaisi kudi laoge
600 _aMukesh, Nitin
_919992
650 _aFilm Songs
_xExcerpts
_zIndia
_919603
700 _919604
700 _919605
700 _920913
700 _920914
942 _2ddc
_cGR
999 _c47259
_d47259